Celebrities With "L" Names by Picture - Statistics

General Stats
  • This quiz has been taken 122 times
  • The average score is 7 of 13
Answer Stats
Picture Answer % Correct
Leonardo Di Caprio
95%
Lady Gaga
82%
LeBron James
76%
Lucy Liu
75%
Liam Hemsworth
72%
Lindsay Lohan
72%
Lil Nas X
71%
Lil Wayne
56%
Lucille Ball
49%
Lisa Marie Presley
44%
Lynda Carter
33%
Lance Reddick
8%
Lucas Till
8%
No matching quizzes found
Score Distribution
Percent of People with Each Score
Percentile by Number Answered
Your Score History
You have not taken this quiz